00515 2200193 4500001002100000005001500021035002000036007000300056008004100059020002200100082000800122084001400130100001800144245005300162250001100215260003300226300004700259650001500306INLIS00000000000037820221028111426 a0010-1022000120ta221028 0  a978-602-1139-38-7 a297 a297 AEP c0 aAep Saefulloh1 aCeria Bersama Nabi Muhammad SAW /cAep Saefulloh aCet. I aJakarta :bAdibintang,c2014 a119 Halaman :bilustrasi berwarna ;c28 cm 4aKisah Nabi